German Chancellors since 1867 - with Picture - Statistics

General Stats
  • This quiz has been taken 76 times
    57 since last reset
  • The average score is 21 of 40
Answer Stats
Picture Hint Answer % Correct
1867-1890
Wilhelm I./ Friedrich III./ Wilhelm II.
Bundes-/ Reichskanzler
no party
Otto von Bismarck
91%
1933-1945
Paul von Hindenburg/ Adolf Hitler
(Führer und) Reichskanzler
NSDAP
Adolf Hitler
88%
2005-2021
Horst Köhler/ Christian Wulff/ Joachim Gauck/ Frank-Walter Steinmeier
Bundeskanzlerin
Christian Democratic Union of Germany
Angela Merkel
86%
1945
Karl Dönitz
Reichskanzler
NSDAP
Joseph Goebbels
86%
since 2021
Frank-Walter Steinmeier
Bundeskanzler
Social Democratic Party of Germany
Olaf Scholz
84%
1949-1963
Theodor Heuss/ Heinrich Lübke
Bundeskanzler
Christian Democratic Union of Germany
Konrad Adenauer
81%
1998-2005
Roman Herzog/ Johannes Rau/ Horst Köhler
Bundeskanzler
Social Democratic Party of Germany
Gerhard Schröder
79%
1982-1998
Karl Carstens/ Richard von Weizsäcker/ Roman Herzog
Bundeskanzler
Christian Democratic Union of Germany
Helmut Kohl
79%
1969-1974
Gustav Heinemann
Bundeskanzler
Social Democratic Party of Germany
Willy Brandt
79%
1974-1982
Gustav Heinemann/ Walter Scheel/ Karl Carstens
Bundeskanzler
Social Democratic Party of Germany
Helmut Schmidt
70%
1966-1969
Heinrich Lübke/ Gustav Heinemann
Bundeskanzler
Christian Democratic Union of Germany
Kurt Georg Kiesinger
70%
1963-1966
Heinrich Lübke
Bundeskanzler
Christian Democratic Union of Germany
Ludwig Erhard
70%
1932
Paul von Hindenburg
Reichskanzler
Catholic Centre Party/ no party
Franz von Papen
63%
1918-1919
Provisional government
Reichskanzler(inofficial)
Social Democratic Party of Germany
Friedrich Ebert
63%
1932-1933
Paul von Hindenburg
Reichskanzler
no party
Kurt von Schleicher
58%
1890-1894
Wilhelm II.
Reichskanzler
no party
Leo von Caprivi
58%
1923
Friedrich Ebert
Reichskanzler
German People's Party
Gustav Stresemann
51%
1918
Wilhelm II.
Reichskanzler
no party
Max von Baden
51%
1974
Gustav Heinemann
stellv. Bundeskanzler
Free Democratic Party
Walter Scheel
49%
1894-1900
Wilhelm II.
Reichskanzler
no party
Chlodwig zu Hohenlohe-Schillingsfürst
47%
1930-1932
Paul von Hindenburg
Reichskanzler
Catholic Centre Party
Heinrich Brüning
47%
1920, 1928-1930
Friedrich Ebert/ Paul von Hindenburg
Reichskanzler
Social Democratic Party of Germany
Hermann Müller
47%
1919
Friedrich Ebert
Reichsministerpräsident
Social Democratic Party of Germany
Philipp Scheidemann
47%
1909-1917
Wilhelm II.
Reichskanzler
no party
Theobald von Bethmann Hollweg
47%
1919-1920
Friedrich Ebert
Reichsministerpräsident/ -kanzler
Social Democratic Party of Germany
Gustav Bauer
44%
1900-1909
Wilhelm II.
Reichskanzler
no party
Bernhard von Bülow
42%
1917
Wilhelm II.
Reichskanzler
no party
Georg Michaelis
42%
1917-1918
Wilhelm II.
Reichskanzler
Catholic Centre Party
Georg von Hertling
42%
1922-1923
Friedrich Ebert
Reichskanzler
no party
Wilhelm Cuno
42%
1923-1925, 1926-1928
Friedrich Ebert/ Paul von Hindenburg
Reichskanzler
Catholic Centre Party
Wilhelm Marx
42%
1925-1926
Friedrich Ebert/ Paul von Hindenburg
Reichskanzler
no party
Hans Luther
40%
1920-1921
Friedrich Ebert
Reichskanzler
Catholic Centre Party
Constantin Fehrenbach
37%
1921-1922
Friedrich Ebert
Reichskanzler
Catholic Centre Party
Joseph Wirth
35%
1945
Karl Dönitz
Leiter der Reichsregierung
NSDAP
Johann Schwerin von Krosigk
33%
1949-1964
Wilhelm Pieck/ Walter Ulbricht
Ministerpräsident
Socialist Unity Party of Germany
Otto Grotewohl
23%
1964-1973, 1976-1989
Walter Ulbricht/ Erich Honecker/ Egon Krenz
Vorsitzender des Ministerrates
Socialist Unity Party of Germany
Willi Stoph
23%
1990
Sabine Bergmann-Pohl
Ministerpräsident
Christian Democratic Union of Germany
Lothar de Maizière
21%
1989-1990
Egon Krenz/ Manfred Gerlach
Vorsitzender des Ministerrates
Socialist Unity Party of Germany/ Party of Democratic Socialism
Hans Modrow
19%
1926
Paul von Hindenburg
Reichskanzler
German Democratic Party
Otto Geßler
16%
1973-1976
Willi Stoph
Vorsitzender des Ministerrates
Socialist Unity Party of Germany
Horst Sindermann
14%
No matching quizzes found
Score Distribution
Percent of People with Each Score
Percentile by Number Answered
Your Score History
You have not taken this quiz since the last reset